Levočská nemocnica otvorila zrekonštruované oddelenia

Podrobná bibliografia
Korporatívny autor: Tlačová agentúra Slovenskej republiky (Autor)
Médium: Článok
Jazyk:slovenčina
ISSN:1339-9535
Predmet:

MARC

LEADER 00000nab a2200000 ar4500
001 vtls011894448
003 SK-MaSNL
005 20260303100437.0
008 191017c2018 xo mr|p|||||||000 b|slo
038 |a SNSK 
040 |a SNSK  |b slo  |e rda  |c SK 
041 |a slo 
043 |a e-xo- - - 
044 |a xo  |c SK 
080 |a 614.21  |2 2011 
080 |a 069.444  |2 2011 
110 2 |a Tlačová agentúra Slovenskej republiky  |4 aut  |9 177619 
245 0 0 |a Levočská nemocnica otvorila zrekonštruované oddelenia  |c [autor] (tasr) 
610 2 7 |a Nemocnica s poliklinikou (Levoča, Slovensko).  |b Rádiodiagnostické oddelenie  |2 snsk  |9 1111101 
610 2 7 |a Nemocnica s poliklinikou (Levoča, Slovensko).  |b Hematologicko-transfúzne oddelenie  |2 snsk  |9 1111102 
650 0 7 |a Opravy a rekonštrukcie  |2 snsk  |9 1044953 
651 7 |a Levoča (Slovensko)  |2 snsk  |9 26696 
773 0 |t My : noviny Spiša  |g Roč. 4, č. 39 (2.10.-8.10.2018), s. 2  |x 1339-9535 
852 |a SNSK  |b KIS3GCP 
999 |c 1833157  |d 1835087